000 01182cam a2200217 4500
001 ABS62534
008 000000n2000 000 0 eng u
035 _a(Sirsi) u106418
245 _aBybrook Barn Garden Centre Ltd and others v Kent CC
260 _c2000
490 _aEstates Gazette
_v[2000] 20 EG 158-165(8)
520 _aQBD 5 November 1999. The claimant, B, owned a garden centre which was bounded by a stream on the southern and western sides. The stream flowed under an adjoining public highway through a culvert constructed by K's statutory predecessor authority. In August 1996 the garden centre was flooded, causing extensive damage to the premises and the stock. The claimants brought proceedings seeking damages for nuisance and negligence based on the principles of law governing the rights and duties of an adjacent landowner. "Held" judgment for the defendants - they were not liable in nuisance or negligence.
590 _aABS
650 _aBYBROOK BARN GARDEN CENTRE LTD AND OTHERS V KENT CC
650 _aNUISANCE
650 _aFLOODING
650 _aFLOOD DAMAGE
650 _aCULVERT
690 _aPROPERTY AND LAND LAW-CASE LAW
942 _n0
999 _c63737
_d63737